000 01448cas a22003017ar4500
005 20220329142119.0
008 990804d 1967mx qr pernn 0 uub1spa d
010 _a78640
011 _a79612
035 _a89970
245 0 0 _aBoletín Informativo de los Comités Directivos Agrícolas de los Distritos de Riego Nos. 24 y 61 de Sahuayo y Zamora, Mich.
_c/por Comités Directivos Agrícolas de los Distritos de Riego Nos. 24 y 61 de Sahuayo y Zamora, Mich.
260 0 _aSahuayo y Zamora, Mich. :
_bComités Directivos Agrícolas de los Distritos de Riego Nos. 24 y 61 de Sahuayo y Zamora, Mich.,
300 _av.
310 _aTrimestral
362 1 _av.2 n.24-27, 1963
500 _aA partir de 1968 la publicación se dividió en : Ciénega de Chapala y Boletín Informativo. Comité Directivo del Distrito de Riego No.61 Zamora, Mich.
500 _aSe dejó de publicar a partir del v.6 n.41, 1967
590 _aBATCH-UPD
_b10
_c20130110
_lUCH01
_h0646
590 _aBATCH-UPD
_b10
_c20130410
_lUCH01
_h0330
590 _aBATCH-UPD
_b10
_c20130914
_lUCH01
_h1209
590 _aCONVERSION
_b10
_c20130109
_lUCH01
_h1344
650 1 4 _aDistrito de Riego Sahuayo, Mich.
_xPublicaciones periódicas.
_932938
650 1 4 _aDistrito de Riego Zamora, Mich.
_xPublicaciones periódicas.
_932958
650 1 4 _aIrrigación
_xPublicaciones periódicas.
_960475
866 _av.6 n.38-41 (1967)
901 _aSE
905 _aMa. del Socorro Iturbe C.
999 _c78640
_d78640